La integración sensorial y el niño

Furkejuvvon:
Bibliográfalaš dieđut
Váldodahkki: Ayres, A. Jean (Dahkki)
Materiálatiipa: Girji
Giella:espánnjágiella
Almmustuhtton: Ciudad de México Trillas 1998
Preanttus:1a. ed
Fáttát:
Fáddágilkorat: Lasit fáddágilkoriid
Eai fáddágilkorat, Lasit vuosttaš fáddágilkora!

MARC

LEADER 00000nam a2200000 a 4500
001 UCH9247
003 CL-VaPUC
008 091231e19980000MX |||||||||||||||||spa|d
020 |a 9789682429873 
082 0 4 |a 371.94  |b AYR  |2 21 
100 0 |a Ayres, A. Jean  |e author  |9 546175 
245 1 3 |a La integración sensorial y el niño 
250 |a 1a. ed 
300 |a 226 p 
942 |c BK 
945 |d 20091231 00:00:00  |a rbrito 
260 |a Ciudad de México  |b Trillas  |c 1998 
650 0 |a Educación especial  |9 307486 
650 0 |a Autismo  |9 307911 
650 0 |a Niños autistas  |9 457557 
650 7 |a TERAPIA INFANTIL  |2 CL-VaPUC  |9 363463 
583 |a last modification  |c 20091231 00:00:00  |k Rodrigo Vera 
999 |c 339263  |d 339261 
952 |0 0  |1 0  |4 0  |6 371_940000000000000_AYR_1998  |7 0  |8 A  |9 432795  |a BIBCUR  |b BIBCUR  |d 2019-11-22  |i 4630211  |o 371.94 AYR 1998  |p 4630211  |r 2024-01-29  |w 2019-11-22  |y BK  |k KIN 
952 |0 0  |1 0  |4 0  |6 371_940000000000000_AYR_1998  |7 0  |8 A  |9 432796  |a BIBCUR  |b BIBCUR  |d 2019-11-22  |i 463022K  |l 1  |o 371.94 AYR 1998  |p 463022K  |r 2024-01-29  |s 2022-11-23  |w 2019-11-22  |y BK  |k KIN 
952 |0 0  |1 0  |4 0  |6 371_940000000000000_AYR_1998  |7 0  |8 A  |9 432797  |a BIBCUR  |b BIBCUR  |d 2019-11-22  |i 4630238  |o 371.94 AYR 1998  |p 4630238  |r 2024-01-29  |w 2019-11-22  |y BK  |k KIN 
952 |0 0  |1 0  |2 ddc  |4 0  |6 371_940000000000000_AYR_1998  |7 0  |8 A  |9 432799  |a BIBCUR  |b BIBCUR  |c PAC  |d 2019-11-22  |i 4630254  |o 371.94 AYR 1998  |p 4630254  |r 2025-04-22  |w 2019-11-22  |y BK  |k KIN 
952 |0 0  |1 0  |4 0  |6 371_940000000000000_AYR_1998  |7 0  |8 A  |9 432800  |a BIBCUR  |b BIBCUR  |d 2019-11-22  |i 4665481  |o 371.94 AYR 1998  |p 4665481  |r 2024-01-29  |w 2019-11-22  |y BK  |k KIN